Využitie kalkulácie cieľových nákladov pre strategické riadenie diplomová práca

Enregistré dans:
Détails bibliographiques
Auteur principal: Moťovská, Lenka
Collectivité auteur: Fakulta podnikového manažmentu EU. Katedra podnikovohospodárska
Autres auteurs: Tóth, Miroslav, 1961-
Format: Livre
Langue:slovaque
Publié: Bratislava 2016
Tags: Ajouter un tag
Pas de tags, Soyez le premier à ajouter un tag!

MARC

LEADER 00000nbm a2200000 4500
001 0218484
005 20170123142332.2
041 0 |a slo 
044 |a SK 
245 1 0 |a Využitie kalkulácie cieľových nákladov pre strategické riadenie  |b diplomová práca  |c Lenka Moťovská ; školiteľ: Miroslav Tóth 
264 1 |a Bratislava  |c 2016 
300 |a 63 s. 
100 1 |a Moťovská, Lenka 
700 1 |a Tóth, Miroslav, 1961- 
710 2 |a Fakulta podnikového manažmentu EU. Katedra podnikovohospodárska